=LDR 00000nam 2200000 4500 =001 INLIS000000000013584 =005 20130612104944 =008 ***********************************Ind** =035 ##$$a0010-061300000013584 =041 ##$$a Ind =082 ##$$a 338.8 =090 ##$$a 338.8, Sum p =100 ##$$a Sumarni, Murti =245 ##$$a Pengantar bisnis(dasar ekonomi perusahaan), Murti Sumarni =260 ##$$a 2003 $b Yogyakarta =300 ##$$a 458 hlm, Ilus, 22 cm =650 ##$$a Ekonomi perusahaan =850 ##$$a NBPNMAT =990 ##$$a 0001/BPAP-NTB/20142014